Zvyky zvířat /

Hlavní autor: Skalka, Petr, 1942-
Jazyk: Čeština
Vydáno: Praha : Plot, 2011
Vydání: Vyd. 1.
Témata:
Fyzický popis: 174 s. : barev. il. ; 25 cm
Knihy
Uloženo v:
LEADER 01572nam a2200469 a 4500
001 nkc20112219172
003 CZ PrNK
005 20110902074002.0
007 ta
008 110801s2011 xr a e f 000 0 cze
015 |a cnb002219172 
020 |a 978-80-7428-068-9  |q (váz.) 
035 |a (OCoLC)752798297 
040 |a OLA001  |b cze  |d ABA001 
072 7 |a 591  |x Obecná zoologie  |2 Konspekt  |9 2 
080 |a 636.025  |2 MRF 
080 |a 591.5  |2 MRF 
080 |a 591.58  |2 MRF 
080 |a (0.062)  |2 MRF 
100 1 |a Skalka, Petr,  |d 1942-  |7 jn20000402215  |4 aut 
245 1 0 |a Zvyky zvířat /  |c Petr Skalka ; [fotografie Pavel Jeřábek a Martin Šikola] 
250 |a Vyd. 1. 
260 |a Praha :  |b Plot,  |c 2011 
300 |a 174 s. :  |b barev. il. ;  |c 25 cm 
504 |a Obsahuje bibliografii 
650 0 7 |a exotická zvířata  |7 ph120104  |2 czenas 
650 0 7 |a chování živočichů  |7 ph189267  |2 czenas 
650 0 7 |a etologie  |7 ph114495  |2 czenas 
650 0 7 |a komunikace živočichů  |7 ph134853  |2 czenas 
650 0 7 |a ekologie živočichů  |7 ph114419  |2 czenas 
650 0 9 |a exotic animals  |2 eczenas 
650 0 9 |a animal behavior  |2 eczenas 
650 0 9 |a ethology  |2 eczenas 
650 0 9 |a animal communication  |2 eczenas 
650 0 9 |a animal ecology  |2 eczenas 
655 7 |a populárně-naučné publikace  |7 fd131864  |2 czenas 
655 9 |a popular works  |2 eczenas 
910 2 |a BOA001  |b 2-1271.080 
990 |a BK 
995 |a 01 
991 |b 201108  |c NOV  |j 591 SKA  |e n 
996 6 |b 2610484971  |c 2-1271.080  |l MZK  |r Sklad / do 1 hodiny  |n 10  |p p.v.  |w 001194584  |u 000010  |a 1  |e BOA001  |j MZK50  |s P